| 000 | 01062nam a22003137a 4500 | ||
|---|---|---|---|
| 003 | CHAP | ||
| 005 | 20220817042313.0 | ||
| 008 | 971013s r 00010 d | ||
| 010 | _a40204 | ||
| 011 | _a41176 | ||
| 035 | _a45302 | ||
| 040 | _cCHAP | ||
| 082 |
_a633.61 _bF5 |
||
| 100 | 0 | 0 |
_aFlores Cáceres, Silverio. _941472 |
| 245 | _aPrincipales plagas de la caña de azúcar en México | ||
| 260 |
_aMéxico, D.F. : _bInstituto para el Mejoramiento de la Producción de Azúcar, _c(s.a.) |
||
| 300 |
_a101 p. _b: ilus. |
||
| 590 |
_aBATCH-UPD _b10 _c20130110 _lUCH01 _h1215 |
||
| 590 |
_aBATCH-UPD _b10 _c20130410 _lUCH01 _h0752 |
||
| 590 |
_aBATCH-UPD _b10 _c20130914 _lUCH01 _h0835 |
||
| 590 |
_aCONVERSION _b10 _c20130109 _lUCH01 _h1322 |
||
| 650 | 1 | 4 | _aCaña de azúcar. |
| 650 | 1 | 4 |
_aCaña de azúcar _xPlagas. _918636 |
| 700 | 0 |
_aAbarca Ruano, Miguel. _9146 |
|
| 901 | _aBK | ||
| 942 | _cLIBRO | ||
| 949 |
_a633.61 F5 _bBC _cLIBRO _d33724000224614 _eLIBRO _fc.2 _h134 _i45302 _mD _si |
||
| 949 |
_a633.61 F5 _bBC _cLIBRO _d33724000267233 _eLIBRO _h133 _i45302 _mD _si |
||
| 999 |
_c40204 _d40204 |
||